Guess the Jurassic park/world movie from famous quotes - Statistics

General Stats
  • This quiz has been taken 27 times
  • The average score is 12 of 20
Answer Stats
Quote Answer % Correct
“Clever Girl” Jurassic Park
95%
”Blue is alive” Fallen Kingdom
75%
“What have they got in there King Kong?” Jurassic Park
75%
“We need more teeth” Jurassic World
75%
”It’s a bird cage” Jurassic Park 3
70%
“Enjoy the ride” Jurassic World
70%
“If something chases you… run” Jurassic World
70%
“Spent no expenses” Jurassic Park
65%
“You got to go, you got to go” Jurassic Park
65%
”Mommy’s very angry… daddy’s very angry” The Lost World
65%
“Just follow the screams” The Lost World
60%
”I like red heads too” Dominion
55%
”Jurassic world? Not a fan” Dominion
55%
“There just protecting there baby” The Lost World
55%
“This is how you play god” Jurassic park 3
50%
“It’s a sin to kill a dinosaur” Rebirth
50%
”Is that a dinosaur on your shoulder!” Dominion
45%
“I’m too smart to die” Rebirth
45%
”s]Survival is a long shot” Rebirth
45%
“That’s the Dinosaur man” Jurassic park 3
40%
No matching quizzes found
Score Distribution
Percent of People with Each Score
Percentile by Number Answered
Your Score History
You have not taken this quiz